[Event "Klass M 2019"]
[Site "Eskilstuna"]
[Date "2019.07.06"]
[Round "1.9"]
[White "Adellian, Yashar"]
[Black "Jogstad, Daniel"]
[Result "1/2-1/2"]
[WhiteElo "1995"]
[BlackElo "2154"]

1.e4 c5 2.c3 Nf6 3.e5 Nd5 4.d4 cxd4 5.Qxd4 e6 6.Bc4 Nc6 7.Qe4 f5 8.Qe2 Nb6
9.Bb3 Be7 10.Nf3 O-O 11.O-O Na5 12.Bc2 Qc7 13.Rd1 a6 14.a3 Nd5 15.g4 fxg4 
16.Qe4 Rxf3 17.Qxh7+ Kf8 18.Qh8+ Kf7 19.Qh5+ Kf8 20.Qh8+ Kf7 21.Qh5+ Kf8 
22.Qh8+ 1/2-1/2

[Event "Klass M 2019"]
[Site "Eskilstuna"]
[Date "2019.07.08"]
[Round "3.2"]
[White "Tiger-Norqvist, Axel"]
[Black "Jogstad, Daniel"]
[Result "1/2-1/2"]
[WhiteElo "2222"]
[BlackElo "2154"]

1.e4 e5 2.Nf3 Nc6 3.Bb5 a6 4.Bxc6 dxc6 5.O-O f6 6.d4 exd4 7.Nxd4 c5 8.Ne2 
Qxd1 9.Rxd1 Bd7 10.Nbc3 O-O-O 11.Nd5 Ne7 12.c4 Nxd5 13.cxd5 g5 14.e5 Be7 
15.exf6 Bxf6 16.Nc3 Bf5 17.Be3 b6 18.Rd2 Rd7 19.Rad1 Rhd8 20.d6 Rxd6 21.
Nd5 Rg8 22.Nxf6 Rxf6 23.b3 Be4 24.f3 Bc6 25.Kf2 Rf5 26.Rc2 h5 27.Rdc1 h4 
28.h3 a5 29.Rc4 Bd5 30.Rg4 Kd7 31.Bd2 Be6 32.Bc3 Rd5 33.Re4 Rg6 34.Re2 Bf5
35.Rd2 Rgd6 36.Rxd5 Rxd5 37.Re1 Be6 38.Re5 Rxe5 39.Bxe5 a4 40.bxa4 Bxa2 
41.Bf6 g4 1/2-1/2

[Event "Klass M 2019"]
[Site "Eskilstuna"]
[Date "2019.07.09"]
[Round "4.2"]
[White "Landgren, Andreas"]
[Black "Olsson, Simon"]
[Result "1-0"]
[WhiteElo "2246"]
[BlackElo "2176"]

1.d4 Nf6 2.c4 Nc6 3.Nf3 e6 4.Nc3 Bb4 5.Qc2 d6 6.Bd2 O-O 7.a3 Bxc3 8.Bxc3 
Qe7 9.e4 e5 10.d5 Nb8 11.Be2 Ne8 12.O-O f5 13.c5 fxe4 14.Qxe4 Bf5 15.cxd6 
cxd6 16.Qe3 Nd7 17.Nd4 Nc7 18.Nxf5 Rxf5 19.f4 Qf7 20.fxe5 Nxd5 21.Rxf5 
Qxf5 22.Bc4 Nb6 23.Qd4 Qxe5 24.Qg4 Qe3+ 25.Kh1 Qe7 26.Rd1 Qf7 27.Rxd5 Nxd5
28.Bxd5 1-0

[Event "Klass M 2019"]
[Site "Eskilstuna"]
[Date "2019.07.09"]
[Round "4.3"]
[White "Engstrom, Kaj"]
[Black "Jogstad, Daniel"]
[Result "1/2-1/2"]
[WhiteElo "2234"]
[BlackElo "2154"]

1.e4 e5 2.Nf3 Nc6 3.Bc4 Nf6 4.d3 Be7 5.Nc3 d6 6.a3 Bg4 7.h3 Bxf3 8.Qxf3 
Nd4 9.Qd1 c6 10.O-O O-O 11.Ba2 Nd7 12.f4 exf4 13.Bxf4 Ne6 14.Be3 Bg5 15.
Bxg5 Qxg5 16.Ne2 Rae8 17.Qc1 Qc5+ 18.Kh1 d5 19.exd5 cxd5 20.Rf5 Nb6 21.Qd2
g6 22.d4 Qb5 23.Rff1 Rc8 24.c3 Rce8 25.Rf2 Ng5 26.Ng3 Ne4 27.Nxe4 Rxe4 28.
Raf1 Nc4 29.Qg5 Ne3 30.Rg1 Re6 31.Rc1 f6 32.Qg3 Kh8 33.Bb1 Nc4 34.Bd3 Qc6 
35.Qh4 Kg7 36.Rcf1 Nd6 37.Rf3 Qe8 38.Qf2 Qe7 39.Qc2 b6 40.a4 Rc8 41.Rg3 
Ne4 42.Bxe4 Rxe4 43.Rgf3 h5 44.Qb3 Rc6 45.Qxd5 Rd6 46.Qb5 Re2 47.R3f2 Re3 
48.Qc4 g5 49.Qc8 Ree6 50.Qa8 Re3 51.Rf5 Re2 52.Rd5 Rxd5 53.Qxd5 Rxb2 54.
Qc6 Rf2 55.Rxf2 Qe1+ 56.Kh2 Qxf2 57.Qc7+ Kg6 58.d5 h4 59.Qd6 Qe3 60.c4 Qd4
61.Qc7 Qe3 62.Kh1 Qe1+ 63.Kh2 Qe3 64.Kh1 Qe1+ 65.Kh2 Qe3 1/2-1/2

[Event "Klass M 2019"]
[Site "Eskilstuna"]
[Date "2019.07.12"]
[Round "7.7"]
[White "Carlsson, Andreas"]
[Black "Lind, Jan-Olov"]
[Result "0-1"]
[WhiteElo "2019"]
[BlackElo "2155"]

1.e4 c5 2.Nf3 g6 3.d4 cxd4 4.Qxd4 Nf6 5.Nc3 Nc6 6.Qa4 d6 7.e5 Ng4 8.Bb5 
Nxe5 9.Nxe5 dxe5 10.O-O Bd7 11.Rd1 a6 12.Bxc6 bxc6 13.Bg5 h6 14.Bh4 Bg7 
15.Ne4 O-O 16.Nc5 Ra7 17.Rd2 Qe8 18.Rad1 Bf5 19.g4 Bc8 20.h3 g5 21.Bg3 e6 
22.f3 Qe7 23.Bf2 f5 24.Qxc6 e4 25.fxe4 fxg4 26.e5 Bxe5 27.Qe4 Bg7 28.Rd6 
e5 29.Qd5+ Kh8 30.Qc6 Kh7 31.Ne6 Bxe6 32.Rxe6 Qf7 33.Bxa7 Qxa7+ 34.Qb6 Qf7
35.hxg4 Qf3 36.Rd2 Qxg4+ 37.Rg2 Qd1+ 38.Kh2 Qh5+ 39.Kg1 Qd1+ 40.Kh2 Rf1 
41.Qe3 Qh5+ 42.Kg3 Qh4# 0-1

[Event "Klass M 2019"]
[Site "Eskilstuna"]
[Date "2019.07.13"]
[Round "8.7"]
[White "Emmoth, Alfons"]
[Black "Olsson, Svante"]
[Result "0-1"]
[WhiteElo "2075"]
[BlackElo "2155"]

1.d4 Nf6 2.c4 g6 3.Nc3 Bg7 4.e4 O-O 5.h3 d6 6.Be3 Nc6 7.Nge2 e5 8.d5 Ne7 
9.g4 c6 10.Ng3 a6 11.a4 Bd7 12.a5 c5 13.Bd3 b5 14.axb6 Qxb6 15.b3 Ne8 16.
Nb1 f5 17.gxf5 Nxf5 18.exf5 e4 19.Ra3 exd3 20.fxg6 Nf6 21.gxh7+ Kh8 22.
Qxd3 Rae8 23.Nd2 Bc8 24.Kd1 Qc7 25.Kc1 Nd7 26.f4 Nf6 27.Nf3 Bh6 28.Nh4 
Qxh7 29.Qxh7+ Kxh7 30.Bd2 Ne4 31.Nxe4 Rxe4 32.Nf3 Kg6 33.Ng5 Rexf4 34.h4 
Rf1+ 35.Rxf1 Rxf1+ 36.Be1 Rxe1+ 37.Kd2 Rh1 38.Ke2 Rxh4 39.Ne6 Bxe6 40.dxe6
Re4+ 41.Kd3 Rxe6 42.Rxa6 Kf5 43.Rb6 Re3+ 44.Kc2 Ke5 45.b4 cxb4 46.Rxb4 Kd4
47.Rb6 Bf4 48.Ra6 Be5 49.Ra8 Kxc4 50.Ra4+ Kd5 51.Rh4 Rg3 52.Ra4 Bd4 53.Ra8
Ke4 54.Re8+ Be5 55.Ra8 d5 56.Ra4+ d4 57.Kd2 Rg2+ 58.Kd1 Ke3 0-1

[Event "Klass M 2019"]
[Site "Eskilstuna"]
[Date "2019.07.14"]
[Round "9.3"]
[White "Crevatin, Leo"]
[Black "Landgren, Andreas"]
[Result "0-1"]
[WhiteElo "2146"]
[BlackElo "2246"]

1.d4 Nf6 2.c4 g6 3.f3 Bg7 4.e4 d6 5.Nc3 O-O 6.Nge2 c5 7.d5 a6 8.a4 e6 9.
Ng3 exd5 10.cxd5 Nbd7 11.Be2 Ne8 12.Be3 Rb8 13.O-O Nc7 14.a5 b5 15.axb6 
Nb5 16.Nxb5 axb5 17.Bxb5 Qxb6 18.Be2 Qxb2 19.Rb1 Qa3 20.Qd2 Ba6 21.Bxa6 
Qxa6 22.f4 Rfe8 23.Kh1 Qa4 24.h3 h5 25.e5 Rxb1 26.Rxb1 dxe5 27.fxe5 Bxe5 
28.Ne2 Qe4 29.Re1 Rb8 30.Nf4 c4 31.Ba7 Qxf4 32.Qxf4 Bxf4 33.Bxb8 Bxb8 34.
Re8+ Kg7 35.Rc8 Kf6 36.Rxc4 Ke5 37.Rc8 Kxd5 38.g4 h4 39.Rd8 Ke6 40.Re8+ 
Kd6 41.Rh8 g5 42.Kg2 Ke6 43.Re8+ Kf6 44.Kf3 Bg3 45.Ra8 Kg6 46.Ra6+ f6 47.
Ra8 Nc5 48.Rg8+ Kf7 49.Ra8 Be5 50.Ra3 Kg6 51.Ra5 Ne6 52.Ke4 Bg3 53.Ra1 Nf4
54.Rh1 Kf7 55.Kf5 Ke7 56.Rb1 Nxh3 57.Rb7+ Kd6 58.Kxf6 Bf4 59.Kf5 Ng1 60.
Rb1 Ne2 61.Rd1+ Kc5 62.Rd8 h3 63.Rh8 h2 64.Kg6 Kd5 65.Rxh2 Bxh2 66.Kxg5 
Ke5 67.Kh4 Kf6 68.g5+ Kg6 69.Kg4 Nd4 70.Kh3 Bf4 71.Kg4 Bxg5 72.Kh3 Kf5 73.
Kg3 Ke4 74.Kg4 Bf4 75.Kh3 Kf3 76.Kh4 Ne6 77.Kh3 Be5 78.Kh4 Bg3+ 79.Kh5 Kf4
80.Kg6 Ke5 81.Kf7 Bh4 82.Kg6 Bf6 83.Kf7 Nc7 84.Kg6 Ke6 85.Kh5 Kf5 86.Kh6 
Ne6 87.Kh5 Be7 88.Kh6 Bg5+ 89.Kh7 Kf6 90.Kh8 Kf7 91.Kh7 Nf8+ 92.Kh8 Bf6# 
0-1